NBA Top 250 Steals Leaders - Statistics

General Stats
  • This quiz has been taken 13 times
  • The average score is 121 of 251
Answer Stats
Rank Player Steals % Correct
2 Chris Paul 2728
92%
3 Jason Kidd 2684
92%
43 Larry Bird 1556
92%
6 LeBron James 2387
92%
24 Magic Johnson 1724
92%
4 Michael Jordan 2514
92%
14 Russell Westbrook 2025
92%
A.C. Green 1033
83%
45 Andre Miller 1546
83%
181 Avery Johnson 1007
83%
65 Clifford Robinson 1402
83%
9 Clyde Drexler 2207
83%
67 David Robinson 1388
83%
193 Dell Curry 985
83%
57 Dennis Johnson 1477
83%
94 Draymond Green 1222
83%
Dwyane Wade 1620
83%
18 Isiah Thomas 1861
83%
152 Joe Johnson 1071
83%
1 John Stockton 3265
83%
96 Kevin Durant 1217
83%
19 Kevin Garnett 1859
83%
146 Kevin Johnson 1082
83%
246 Marques Johnson 888
83%
Mickey Johnson 1025
83%
55 Reggie Miller 1505
83%
73 Rickey Green 1348
83%
8 Scottie Pippen 2307
83%
39 Stephen Curry 1597
83%
242 Steve Nash 899
83%
173 Tim Duncan 1025
83%
Tony Parker 1053
83%
11 Alvin Robertson 2112
75%
157 Anthony Davis 1055
75%
Antoine Walker 1085
75%
Baron Davis 1530
75%
149 Buck Williams 1080
75%
28 Charles Barkley 1648
75%
139 Darrell Walker 1090
75%
98 Dirk Nowitzki 1210
75%
189 Foots Walker 992
75%
119 Fred Brown 1149
75%
5 Gary Payton 2445
75%
215 George Gervin 941
75%
191 Giannis Antetokounmpo 988
75%
29 Gus Williams 1638
75%
10 Hakeem Olajuwon 2162
75%
20 James Harden 1778
75%
222 Jason Williams 933
75%
145 Josh Smith 1083
75%
J.R. Smith 974
75%
112 Kareem Abdul-Jabbar 1160
75%
Kemba Walker 923
75%
208 Lou Williams 952
75%
66 Manu Ginóbili 1392
75%
37 Mark Jackson 1608
75%
180 Nikola Jokić 1009
75%
23 Paul Pierce 1752
75%
235 P.J. Brown 912
75%
64 Randy Smith 1403
75%
60 Ray Allen 1451
75%
102 Ray Williams 1198
75%
133 Stephen Jackson 1109
75%
114 Tony Allen 1158
75%
81 Walter Davis 1280
75%
243 Al Horford 895
67%
128 Anfernee Hardaway 1125
67%
93 Carmelo Anthony 1223
67%
Dwight Howard 1081
67%
247 Greg Anthony 887
67%
166 John Wall 1045
67%
Jrue Holiday 1508
67%
53 Julius Erving 1508
67%
12 Karl Malone 2085
67%
74 Kawhi Leonard 1344
67%
17 Kobe Bryant 1944
67%
56 Kyle Lowry 1501
67%
176 Kyrie Irving 1022
67%
141 Moses Malone 1089
67%
124 Patrick Ewing 1136
67%
95 Robert Parish 1219
67%
106 Shawn Kemp 1185
67%
40 Terry Porter 1583
67%
62 Tim Hardaway 1428
67%
48 Vince Carter 1530
67%
15 Allen Iverson 1983
58%
21 Andre Iguodala 1765
58%
137 Andrei Kirilenko 1097
58%
Ben Wallace 1369
58%
Bobby Jones 1050
58%
110 Caron Butler 1163
58%
72 Charles Oakley 1351
58%
160 Chauncey Billups 1051
58%
Dale Ellis 974
58%
104 Dan Majerle 1194
58%
16 Derek Harper 1957
58%
42 Doc Rivers 1563
58%
68 Dominique Wilkins 1378
58%
33 Eddie Jones 1620
58%
100 Gerald Wallace 1200
58%
240 Gerald Wilkins 907
58%
86 Grant Hill 1248
58%
121 Horace Grant 1143
58%
38 Jason Terry 1603
58%
47 Jeff Hornacek 1536
58%
59 Jimmy Butler 1455
58%
241 Joe Dumars 902
58%
7 Maurice Cheeks 2310
58%
63 Monta Ellis 1409
58%
69 Muggsy Bogues 1369
58%
41 Paul George 1579
58%
52 Rajon Rondo 1518
58%
Rasheed Wallace 1090
58%
26 Ron Harper 1716
58%
22 Shawn Marion 1759
58%
231 Spud Webb 922
58%
36 Thaddeus Young 1612
58%
Tracy McGrady 1136
58%
213 Adrian Dantley 944
50%
89 Brevin Knight 1229
50%
92 Byron Scott 1224
50%
103 Chris Webber 1197
50%
207 Damon Stoudamire 953
50%
87 DeMar DeRozan 1237
50%
185 Devin Harris 998
50%
107 Jamal Crawford 1179
50%
James Worthy 1041
50%
187 Michael Finley 996
50%
108 Mike Bibby 1172
50%
46 Nate McMillan 1544
50%
91 Ricky Rubio 1226
50%
35 Rod Strickland 1616
50%
Alex English 1067
42%
109 Calvin Murphy 1165
42%
Chris Mullin 1530
42%
126 Danny Ainge 1133
42%
Darrell Armstrong 1133
42%
71 Derek Fisher 1352
42%
44 Doug Christie 1555
42%
Elton Brand 940
42%
188 Jason Richardson 995
42%
John Starks 951
42%
84 Kenny Anderson 1258
42%
245 Kenyon Martin 893
42%
Kevin Willis 958
42%
200 Kirk Hinrich 972
42%
78 Latrell Sprewell 1294
42%
25 Metta World Peace 1721
42%
58 Michael Ray Richardson 1463
42%
30 Mike Conley 1629
42%
13 Mookie Blaylock 2075
42%
132 Nick Anderson 1114
42%
131 Rashard Lewis 1115
42%
99 Reggie Theus 1206
42%
Rick Fox 967
42%
156 Sam Cassell 1058
42%
228 Sidney Moncrief 924
42%
Stephon Marbury 1022
42%
85 Terry Cummings 1255
42%
116 Andre Drummond 1157
33%
165 Antawn Jamison 1048
33%
206 Brent Barry 955
33%
David Wesley 1280
33%
216 Dudley Bradley 940
33%
27 Fat Lever 1666
33%
250 Gilbert Arenas 884
33%
32 Hersey Hawkins 1622
33%
220 Jeff Teague 936
33%
61 Jerome Kersey 1439
33%
51 Kendall Gill 1519
33%
223 Khris Middleton 932
33%
Lindsey Hunter 1120
33%
Marcus Smart 1050
33%
170 Michael Cooper 1033
33%
97 Mitch Richmond 1211
33%
153 Nicolas Batum 1067
33%
76 Paul Millsap 1327
33%
135 Rick Barry 1104
33%
Robert Horry 1158
33%
122 Terrell Brandon 1142
33%
194 Vernon Maxwell 975
33%
80 Vlade Divac 1288
33%
238 World B. Free 910
33%
79 Alvan Adams 1289
25%
248 Bradley Beal 885
25%
118 Chris Ford 1152
25%
Chris Morris 917
25%
Don Buse 1160
25%
172 Eric Bledsoe 1028
25%
229 George McGinnis 923
25%
204 Glen Rice 958
25%
111 Jack Sikma 1162
25%
164 Jamaal Wilkes 1049
25%
83 John Lucas 1273
25%
212 Mario Chalmers 950
25%
147 Michael Adams 1081
25%
120 Raymond Felton 1144
25%
199 Robert Reid 973
25%
88 Rudy Gay 1231
25%
134 Sam Perkins 1105
25%
Shane Battier 988
25%
129 Sleepy Floyd 1120
25%
Tom Chambers 885
25%
31 Trevor Ariza 1628
25%
227 Wesley Matthews 925
25%
Aaron McKie 912
17%
190 Craig Ehlo 989
17%
183 Danny Manning 1000
17%
151 Derrick McKey 1072
17%
Eric Snow 975
17%
218 Gerald Henderson 939
17%
210 Jim Paxson 951
17%
155 Johnny Newman 1064
17%
138 Larry Hughes 1092
17%
201 Marcus Camby 967
17%
105 Norm Nixon 1187
17%
186 Paul Pressey 997
17%
Paul Westphal 1022
17%
214 P.J. Tucker 943
17%
75 Quinn Buckner 1337
17%
123 Sedale Threatt 1138
17%
196 Stacey Augmon 974
17%
150 Tom Gugliotta 1079
17%
232 Christian Laettner 917
8%
175 Corey Brewer 1023
8%
224 Darrell Griffith 931
8%
101 Grant Long 1199
8%
182 John Drew 1004
8%
John Long 912
8%
179 Johnny Moore 1017
8%
136 Kentavious Caldwell-Pope 1100
8%
158 Lionel Hollins 1053
8%
161 Michael Cage 1050
8%
Mike Woodson 952
8%
Ricky Sobers 1085
8%
219 Robert Covington 938
8%
203 Slick Watts 961
8%
T.J. McConnell 895
8%
77 T.R. Dunn 1316
8%
90 Tyrone Corbin 1228
8%
226 Vern Fleming 926
8%
225 Allen Leavell 929
0%
Darnell Valentine 910
0%
167 Darwin Cook 1044
0%
James Posey 917
0%
117 Jay Humphries 1153
0%
142 Lester Conner 1085
0%
168 Nenê 1041
0%
184 Sam Lacey 999
0%
Steve Mix 884
0%
221 Thabo Sefolosha 935
0%
No matching quizzes found
Score Distribution
Percent of People with Each Score
Percentile by Number Answered
Your Score History
You have not taken this quiz